00485 a2200145 4500010001400000020002600014035001300040037001500053082001100068100002200079245005100101260005500152270010100207300003100308 aENG-88000 a9788190480376c695.00 aEN-71533 bDBAD / PUB14a660.631 aDass Gupta, B. K.1 aIndustrial biochemistry /cby B. K. Dass Gupta aNew DelhibSwastik Publishers & Distributorsc2007 a31, Gali No.1, A-Block, Pocket-5, CRP Water Tank, Sonia ViharbDelhie110 094cDelhik9899462604 aviii, 270 p.c24 cm ( Hb.)